LEADER 00937nam0-22003131i-450 001 990001692300403321 005 20190529131317.0 035 $a000169230 035 $aFED01000169230 035 $a(Aleph)000169230FED01 035 $a000169230 100 $a20030910d1973----km-y0itay50------ba 101 0 $aita 200 1 $aIndagine sulle cultivar di ciliegio diffuse in Italia$e10) Puglia$fA. Godini, E. Ferrara 210 $aBologna$c...$d1973 215 $a22 p.$d31 cm 300 $aEstr. da: Indagine sulle cultivar di ciliegio diffuse in Italia, 1973. 610 0 $aCiliege 610 0 $aPuglia 676 $a634.23 700 1$aGodini,$bAngelo$069693 702 1$aFerrara,$bEnrico 801 0$aIT$bUNINA$gRICA$2UNIMARC 901 $aLG 912 $a990001692300403321 952 $a60 OP. 91/8$b44672$fFAGBC 959 $aFAGBC 996 $aIndagine sulle cultivar di ciliegio diffuse in Italia$9360741 997 $aUNINA